ნორმალური ფორმატი
MARC ფორმატი
ჩანაწერი Personal Name
ჩანაწერთა რაოდენობა, რომელიც გამოყენებულია: 3
001 - CONTROL NUMBER
- control field: 8085
003 - CONTROL NUMBER IDENTIFIER
- control field: GE_BSU
005 - DATE AND TIME OF LATEST TRANSACTION
- control field: 20200519132134.0
008 - FIXED-LENGTH DATA ELEMENTS
- fixed length control field: 200519|| aca||aabn | a|a d
040 ## - CATALOGING SOURCE
- Original cataloging agency: GE_BSU
- Transcribing agency: GE_BSU
100 ## - HEADING--PERSONAL NAME
- Personal name: ფირცხალაიშვილი, ანა
670 ## - SOURCE DATA FOUND
- Source citation: Work cat.: (GE_BSU): ტურეავა, პაატა 8084, ადმინისტრაციული წარმოება საჯარო სამსახურში /
